|
|
|
|
| LEADER |
00000nab a2200000 a 4500 |
| 001 |
vtls009173833 |
| 003 |
SK-MaSNL |
| 005 |
20260303204453.0 |
| 008 |
140515c2007 xo wr|p|||||||000 b|slo |
| 015 |
|
|
|a SNBRB2008/01
|2 snkbucl
|
| 040 |
|
|
|a SNKBUCL
|b slo
|c SNKBUCL
|e AACR2
|
| 041 |
0 |
|
|a slo
|
| 044 |
|
|
|a xo
|c SK
|
| 080 |
|
|
|a 7.071.2
|2 2001
|
| 100 |
1 |
|
|a Čobejová, Eva,
|d 1965-
|4 ivr
|4 aut
|9 135492
|
| 245 |
1 |
0 |
|a Teraz si to užívam
|c Eva Čobejová, Juraj Kušnierik, Lucia Piussi
|
| 300 |
|
|
|b Fotogr.
|
| 600 |
1 |
7 |
|a Piussi, Lucia,
|d 1971-
|2 snkbucl
|9 110216
|
| 700 |
1 |
|
|a Kušnierik, Juraj,
|d 1964-2015
|4 ivr
|9 161027
|
| 700 |
1 |
|
|a Piussi, Lucia,
|d 1971-
|4 ive
|9 110216
|
| 773 |
0 |
|
|t Týždeň
|g Roč. IV, č. 49 (2007), s. 22-26
|x 1336-5932
|
| 852 |
|
|
|a SNK
|b KIS3GCP
|
| 958 |
|
|
|a SK
|
| 999 |
|
|
|c 2190139
|d 2192069
|